<?xml version="1.0" encoding="UTF-8"?>
<record
    xmlns:xsi="http://www.w3.org/2001/XMLSchema-instance"
    xsi:schemaLocation="http://www.loc.gov/MARC21/slim http://www.loc.gov/standards/marcxml/schema/MARC21slim.xsd"
    xmlns="http://www.loc.gov/MARC21/slim">

  <leader>01030nam a2200253 a 4500</leader>
  <controlfield tag="001">81071</controlfield>
  <controlfield tag="003">BD-RjUL</controlfield>
  <controlfield tag="005">20230114184136.0</controlfield>
  <controlfield tag="008">160725s1959    ua            000 0 ara d</controlfield>
  <datafield tag="035" ind1=" " ind2=" ">
    <subfield code="a">(BD-RjUL)81071</subfield>
  </datafield>
  <datafield tag="040" ind1=" " ind2=" ">
    <subfield code="a">HAI</subfield>
    <subfield code="b">eng</subfield>
    <subfield code="c">BD-RjUL</subfield>
  </datafield>
  <datafield tag="041" ind1="0" ind2=" ">
    <subfield code="a">ara</subfield>
  </datafield>
  <datafield tag="082" ind1=" " ind2=" ">
    <subfield code="2">23</subfield>
    <subfield code="a">181</subfield>
    <subfield code="b">MUB 1959</subfield>
  </datafield>
  <datafield tag="100" ind1="1" ind2=" ">
    <subfield code="a">Musa, Muhammad Yusuf   &#x645;&#x648;&#x633;&#x649;&#x60C; &#x645;&#x62D;&#x645;&#x62F; &#x64A;&#x648;&#x633;&#x641;</subfield>
    <subfield code="9">6567</subfield>
  </datafield>
  <datafield tag="245" ind1="1" ind2="0">
    <subfield code="a"> &#x628;&#x64A;&#x646; &#x627;&#x644;&#x62F;&#x64A;&#x646; &#x648;&#x627;&#x644;&#x641;&#x644;&#x633;&#x641;&#x629; : &#x641;&#x64A; &#x631;&#x623;&#x64A; &#x627;&#x628;&#x646; &#x631;&#x634;&#x62F; &#x648;&#x641;&#x644;&#x627;&#x633;&#x641;&#x629; &#x627;&#x644;&#x639;&#x635;&#x631; &#x627;&#x644;&#x648;&#x633;&#x64A;&#x637;  / Bayna al-d&#x12B;n wa-al-falsafah : f&#x12B; ra&#x2BC;y Ibn Rushd wa-fal&#x101;sifatal-&#x2BB;A&#x1E63;r al-Was&#x12B;&#x1E6D; /</subfield>
    <subfield code="c"> &#x645;&#x62D;&#x645;&#x62F; &#x64A;&#x648;&#x633;&#x641; &#x645;&#x648;&#x633;&#x649;.,ta&#x2BC;l&#x12B;f Mu&#x1E25;ammad Y&#x16B;suf M&#x16B;s&#xE1;.</subfield>
  </datafield>
  <datafield tag="260" ind1=" " ind2=" ">
    <subfield code="a">&#x645;&#x635;&#x631; :</subfield>
    <subfield code="b">&#x62F;&#x627;&#x631; &#x627;&#x644;&#x645;&#x639;&#x627;&#x631;&#x641;&#x60C;</subfield>
    <subfield code="c">[&#x661;&#x669;&#x665;&#x669;]</subfield>
  </datafield>
  <datafield tag="300" ind1=" " ind2=" ">
    <subfield code="a">&#x662;&#x664;&#x660; &#x635;. &#x61B;</subfield>
    <subfield code="c">&#x662;&#x665; &#x633;.</subfield>
  </datafield>
  <datafield tag="490" ind1="1" ind2=" ">
    <subfield code="a">&#x645;&#x643;&#x62A;&#x628;&#x629; &#x627;&#x644;&#x62F;&#x631;&#x627;&#x633;&#x627;&#x62A; &#x627;&#x644;&#x641;&#x644;&#x633;&#x641;&#x64A;&#x629;</subfield>
  </datafield>
  <datafield tag="500" ind1=" " ind2=" ">
    <subfield code="a">&#x627;&#x644;&#x633;&#x644;&#x633;&#x644;&#x629; &#x639;&#x644;&#x649; &#x627;&#x644;&#x63A;&#x644;&#x627;&#x641;</subfield>
  </datafield>
  <datafield tag="600" ind1="0" ind2="4">
    <subfield code="a">Averro&#xEB;s,</subfield>
    <subfield code="d">1126-1198.</subfield>
    <subfield code="9">6568</subfield>
  </datafield>
  <datafield tag="650" ind1=" " ind2="4">
    <subfield code="a">Islamic philosophy.</subfield>
  </datafield>
  <datafield tag="830" ind1=" " ind2="0">
    <subfield code="a">&#x645;&#x643;&#x62A;&#x628;&#x629; &#x627;&#x644;&#x62F;&#x631;&#x627;&#x633;&#x627;&#x62A; &#x627;&#x644;&#x641;&#x644;&#x633;&#x641;&#x64A;&#x629;</subfield>
    <subfield code="9">6569</subfield>
  </datafield>
  <datafield tag="942" ind1=" " ind2=" ">
    <subfield code="2">ddc</subfield>
    <subfield code="c">BK</subfield>
  </datafield>
  <datafield tag="999" ind1=" " ind2=" ">
    <subfield code="c">81071</subfield>
    <subfield code="d">81071</subfield>
  </datafield>
  <datafield tag="952" ind1=" " ind2=" ">
    <subfield code="0">0</subfield>
    <subfield code="1">0</subfield>
    <subfield code="2">ddc</subfield>
    <subfield code="4">0</subfield>
    <subfield code="7">1</subfield>
    <subfield code="8">NFIC</subfield>
    <subfield code="a">RUCL</subfield>
    <subfield code="b">RUCL</subfield>
    <subfield code="c">Reading</subfield>
    <subfield code="d">1967-05-02</subfield>
    <subfield code="e">maktabat i ishaqiah</subfield>
    <subfield code="g">13.00</subfield>
    <subfield code="o">A 181.947 MUB 1959</subfield>
    <subfield code="r">2023-01-14 00:00:00</subfield>
    <subfield code="t">C-1</subfield>
    <subfield code="y">BK</subfield>
  </datafield>
</record>
